Antenna and Wave Propagation (Record no. 6342)
[ view plain ]
| 000 -LEADER | |
|---|---|
| fixed length control field | 00301nam a2200121Ia 4500 |
| 008 - FIXED-LENGTH DATA ELEMENTS--GENERAL INFORMATION | |
| fixed length control field | 191201s2013 xx 000 0 und d |
| 100 ## - MAIN ENTRY--PERSONAL NAME | |
| Personal name | PRASAD, K.D. |
| 245 #0 - TITLE STATEMENT | |
| Title | Antenna and Wave Propagation |
| 260 ## - PUBLICATION, DISTRIBUTION, ETC. (IMPRINT) | |
| Place of publication, distribution, etc | N. delhi |
| Name of publisher, distributor, etc | Satya Prakashan |
| Date of publication, distribution, etc | 2013 |
| 300 ## - PHYSICAL DESCRIPTION | |
| Extent | 1282 |
| 650 ## - SUBJECT ADDED ENTRY--TOPICAL TERM | |
| Topical term or geographic name as entry element | B.Tech(ECE) |
| 942 ## - ADDED ENTRY ELEMENTS (KOHA) | |
| Source of classification or shelving scheme | Dewey Decimal Classification |
| Koha item type | Text Books |
| Withdrawn status | Lost status | Source of classification or shelving scheme | Damaged status | Not for loan | Collection code | Home library | Current library | Date acquired | Source of acquisition | Cost, normal purchase price | Bill Number | Total Checkouts | Full call number | Acc. no. / Barcode | Date last seen | Date last borrowed | Actual Cost, discounted price | Bill Date | Koha item type | Checked out |
|---|---|---|---|---|---|---|---|---|---|---|---|---|---|---|---|---|---|---|---|---|
| Dewey Decimal Classification | B.Tech(ECE) | PIET C-LIBRARY | PIET C-LIBRARY | 29/05/2015 | PANKAJ BOOK DEPOT PANIPAT | 500.00 | AS390 | 7 | 621.3811 PRA | 26401 | 23/06/2025 | 20/05/2025 | 390.00 | 25/05/2015 | Text Books | |||||
| Dewey Decimal Classification | B.Tech(ECE) | PIET C-LIBRARY | PIET C-LIBRARY | 29/05/2015 | PANKAJ BOOK DEPOT PANIPAT | 500.00 | AS390 | 2 | 621.38411 PRA | 26402 | 03/07/2024 | 07/06/2024 | 390.00 | 25/05/2015 | Text Books | |||||
| Dewey Decimal Classification | B.Tech(ECE) | PIET C-LIBRARY | PIET C-LIBRARY | 29/05/2015 | PANKAJ BOOK DEPOT PANIPAT | 500.00 | AS390 | 4 | 621.38411 PRA | 26403 | 10/03/2022 | 10/03/2022 | 390.00 | 25/05/2015 | Text Books | 06/09/2022 | ||||
| Dewey Decimal Classification | B.Tech(ECE) | PIET C-LIBRARY | PIET C-LIBRARY | 29/05/2015 | PANKAJ BOOK DEPOT PANIPAT | 500.00 | AS390 | 1 | 621.38411 PRA | 26404 | 13/12/2019 | 09/12/2019 | 390.00 | 25/05/2015 | Text Books | |||||
| Dewey Decimal Classification | B.Tech(ECE) | PIET C-LIBRARY | PIET C-LIBRARY | 29/05/2015 | PANKAJ BOOK DEPOT PANIPAT | 500.00 | AS390 | 621.38411 PRA | 26405 | 04/12/2019 | 390.00 | 25/05/2015 | Text Books | |||||||
| Dewey Decimal Classification | B.Tech(ECE) | PIET C-LIBRARY | PIET C-LIBRARY | 29/05/2015 | PANKAJ BOOK DEPOT PANIPAT | 500.00 | AS390 | 3 | 621.38411 PRA | 26406 | 14/03/2024 | 27/02/2024 | 390.00 | 25/05/2015 | Text Books | |||||
| Dewey Decimal Classification | B.Tech(ECE) | PIET C-LIBRARY | PIET C-LIBRARY | 29/05/2015 | PANKAJ BOOK DEPOT PANIPAT | 500.00 | AS390 | 4 | 621.38411 PRA | 26407 | 23/06/2023 | 20/06/2023 | 390.00 | 25/05/2015 | Text Books | |||||
| Dewey Decimal Classification | B.Tech(ECE) | PIET C-LIBRARY | PIET C-LIBRARY | 29/05/2015 | PANKAJ BOOK DEPOT PANIPAT | 500.00 | AS390 | 3 | 621.38411 PRA | 26408 | 04/07/2022 | 23/06/2022 | 390.00 | 25/05/2015 | Text Books | |||||
| Dewey Decimal Classification | B.Tech(ECE) | PIET C-LIBRARY | PIET C-LIBRARY | 29/05/2015 | PANKAJ BOOK DEPOT PANIPAT | 500.00 | AS390 | 4 | 621.38411 PRA | 26409 | 10/07/2023 | 20/06/2023 | 390.00 | 25/05/2015 | Text Books | |||||
| Dewey Decimal Classification | B.Tech(ECE) | PIET C-LIBRARY | PIET C-LIBRARY | 29/05/2015 | PANKAJ BOOK DEPOT PANIPAT | 500.00 | AS390 | 1 | 621.38411 PRA | 26410 | 14/10/2020 | 03/03/2020 | 390.00 | 25/05/2015 | Text Books | |||||
| Dewey Decimal Classification | B.Tech(ECE) | PIET C-LIBRARY | PIET C-LIBRARY | 29/05/2015 | PANKAJ BOOK DEPOT PANIPAT | 500.00 | AS390 | 3 | 621.38411 PRA | 26411 | 06/02/2026 | 23/01/2026 | 390.00 | 25/05/2015 | Text Books | |||||
| Dewey Decimal Classification | B.Tech(ECE) | PIET C-LIBRARY | PIET C-LIBRARY | 29/05/2015 | PANKAJ BOOK DEPOT PANIPAT | 500.00 | AS390 | 5 | 621.38411 PRA | 26412 | 30/05/2024 | 16/05/2024 | 390.00 | 25/05/2015 | Text Books |